Central Library and Information Centre
Sibsagar Girls' College, Sivasagar : Assam

TEACHING AND LEARNING ENGLISH (Record no. 14143)

MARC details
000 -LEADER
fixed length control field 00491cam a2200205ua 4500
008 - FIXED-LENGTH DATA ELEMENTS--GENERAL INFORMATION
fixed length control field 161116n2003 II |||gr||||Z||||||eng
020 ## - INTERNATIONAL STANDARD BOOK NUMBER
International Standard Book Number 81-250-2307-0
040 ## - CATALOGING SOURCE
Original cataloging agency MAIN
041 ## - LANGUAGE CODE
-- English
082 ## - DEWEY DECIMAL CLASSIFICATION NUMBER
Classification number 378 TIC
100 ## - MAIN ENTRY--PERSONAL NAME
Personal name TICKOO , M.L .
245 ## - TITLE STATEMENT
Title TEACHING AND LEARNING ENGLISH
250 ## - EDITION STATEMENT
Edition statement 1ST.
260 ## - PUBLICATION, DISTRIBUTION, ETC.
Place of publication, distribution, etc. HYDERABAD
Name of publisher, distributor, etc. ORIENT LONGMAN
Date of publication, distribution, etc. 2003
300 ## - PHYSICAL DESCRIPTION
Extent 457:
Dimensions 21CM.
700 ## - ADDED ENTRY--PERSONAL NAME
Personal name TICKOO , M.L .,
Relator term AUTHOR.
942 ## - ADDED ENTRY ELEMENTS (KOHA)
Koha item type Books
653 ## - INDEX TERM--UNCONTROLLED
Uncontrolled term Higher education
Holdings
Withdrawn status Lost status Damaged status Not for loan Collection code Home library Current library Shelving location Date acquired Full call number Barcode Date last seen Copy number Price effective from Koha item type Public note
        REFENG Central Library and Information Centre Sibsagar Girls College Central Library and Information Centre Sibsagar Girls College ENGLISH REFERENCE RACK 08.04.2007 378 TIC 22949 27.02.2020 1 27.02.2020 Books V


Sibsagar Girl's College © 2020. All rights reserved.
Powered by Koha.
Maintained by Abhijit Borpuzari.